| 000 | 00469cam a22001457a 4500 | ||
|---|---|---|---|
| 008 | 180718b1977 xxu||||| |||| 00| 0 eng d | ||
| 082 | _aDx54 M371 | ||
| 100 | _aMasaldan, P.N. | ||
| 245 |
_aJawaharlal Nehru's foreign policy: determinants, principles and conduct _cby P.N. Masaldan |
||
| 260 |
_aNagpur _bNagpur Univ. _c1977 |
||
| 300 | _a51p. | ||
| 440 | _aN.E.L.P. Jawaharlal Nehru Memorial Lecture, series | ||
| 500 | _aRs.3.50 | ||
| 650 | _aIndia - Foreign Relations | ||
| 999 |
_c477175 _d477175 |
||